[Event "VIE-ch U13"]
[Site "Hanoi"]
[Date "2022.06.12"]
[Round "2"]
[White "Doan, The Duc"]
[Black "Nguyen, Thai Son"]
[Result "1/2-1/2"]
[WhiteElo "2367"]
[BlackElo "2336"]
[PlyCount "46"]
[EventDate "2022.06.11"]
[EventType "swiss"]
[EventRounds "9"]
[EventCountry "VIE"]
[SourceTitle "EXT 2023"]
[Source "ChessBase"]
[SourceDate "2022.10.05"]
[SourceVersion "1"]
[SourceVersionDate "2022.10.05"]
[SourceQuality "1"]

1. d4 d5 2. c4 c6 3. Nc3 e6 4. e3 Nf6 5. Nf3 Bd6 6. Qc2 Nbd7 7. b3 0-0 8. Bd3 h6 9. Bb2 b6 10. cxd5 exd5 11. 0-0 Bb7 12. Rac1 Rc8 13. Qe2 Rc7 14. Nh4 g6 15. g3 Re8 16. f3 Nf8 17. Rce1 Ne6 18. Qf2 Ng5 19. Qd2 Ree7 20. e4 dxe4 21. fxe4 Bb4 22. d5 Nfxe4 23. Bxe4 Nxe4 1/2-1/2